| 000 | 00699nam a22002411 4500 | ||
|---|---|---|---|
| 001 | 19023 | ||
| 003 | BD-RjUL | ||
| 005 | 20211209000355.0 | ||
| 008 | 140223s1964 nyu 00011 engm | ||
| 035 | _a(BD-RjUL)19081 | ||
| 040 |
_aDLC _cDLC _dm.c. _dBOS _dBD-RjUL _beng |
||
| 041 | _aeng | ||
| 082 |
_a813.6 _bSNC 1964 |
||
| 090 |
_aPR6037.N6 _bC67 F64 |
||
| 100 | 1 |
_aSnow, C. P. _q(Charles Percy), _d1905-1980. _922516 |
|
| 245 | 1 | 0 |
_aCorridors of power / _c[by] C. P. Snow. |
| 260 |
_aNew York : _bScribner, _cc1964. |
||
| 300 |
_ax, 403 p. ; _c22 cm. |
||
| 490 | 0 | _aHis Strangers and brothers [9] | |
| 650 | 0 |
_aNineteen fifties _v Fiction. _958610 |
|
| 942 |
_2ddc _cBK |
||
| 999 |
_c19023 _d19023 |
||